000 00982nam a2200277 i 4500
001 000004780
003 DO-SdBNP
005 20260525235029.0
007 ta
008 090727s19-- dr c r 001 0 spa d
040 _aDO-SdBNP
_bspa
_cBNPHU
_erda
049 _aBNPD
082 4 _a972.57293 A797e
_223
100 1 _aArzeno Rodríguez, Luis,
_913892
_eautor
_4aut.
245 1 0 _aEnrique Blanco :
_b¿héroe o forajido? /
_cLuis Arzeno Rodríguez.
264 _aSanto Domingo :
_bEditora Publicaciones América,
_c19--?.
300 _a315 páginas :
_bretratos ;
_c21 cm
336 _atexto
_btxt
_2rdacontent
337 _asin mediación
_bn
_2rdamedia
338 _avolumen
_bnc
_2rdacarrier
590 _aInventariado, 2024/BT
600 _aBlanco, Enrique
_d1906-1936
_vBiografía
_989752
650 7 _2Lemb
_aGuerrillas
_xHistoria
_ySiglo XX
_zRepública Dominicana
_989753
651 7 _2Lemb
_aRepública Dominicana
_xHistoria
_yEra de trujillo, 1930-1961
_978796
942 _2ddc
_cLFPD
999 _c4586
_d4586